| 000 | 01820nam0a2200337 i 4500 | ||
|---|---|---|---|
| 001 | RU\NLR\bibl\1930172 | ||
| 005 | 20240921130216.0 | ||
| 010 |
_a9785209049159 _9100 |
||
| 021 |
_aRU _b2012-48988 _93587 |
||
| 035 | _a(NLR Aleph) 001919532 | ||
| 090 |
_a3287056 _c3287056 |
||
| 100 | _a20120730d2012 u y0rusy50 ca | ||
| 101 | 0 | _arus | |
| 102 | _aRU | ||
| 105 | _aa ||||||||| | ||
| 200 | 1 |
_aФизиология челюстно-лицевой области _eметодическая разработка к практическим занятиям по изучению курса _eдля студентов медицинского факультета по специальности "Стоматология" _fВ.И. Торшин, И.В. Радыш, Ю.П. Старшинов, И.В. Рассказова _gФедер. гос. бюджет. образоват. учреждение высш. проф. образования "Рос. ун-т дружбы народов", Мед. фак. |
|
| 210 |
_aМосква _cРУДН _d2012 |
||
| 215 |
_a34 с. _cил. _d21 |
||
| 320 | _aБиблиогр.: с. 34 (7 назв.) | ||
| 606 | 1 |
_aЧелюстно-лицевая область _jУчебные издания для высших учебных заведений _xФизиология _92192467 _3RU\NLR\auth\661317881 |
|
| 686 | _aЕ91/99я732Р | ||
| 686 | _aЕ930я732Р | ||
| 701 | 1 |
_aТоршин _bВ. И. _gВладимир Иванович _4070 |
|
| 701 | 1 |
_aРадыш _bИ. В. _gИван Васильевич _4070 |
|
| 701 | 1 |
_aСтаршинов _bЮ. П. _gЮрий Петрович _4070 |
|
| 701 | 1 |
_aРассказова _bИ. В. _gИрина Валерьевна _4070 |
|
| 801 | 0 |
_aRU _bNLR _c20120730 _gRCR |
|
| 801 | 1 |
_aRU _bNLR _c20120730 |
|
| 942 | _cBOOK | ||
| 980 | _aNBR | ||